Sita : warrior of Mithila (Record no. 57284)
[ view plain ]
| 000 -LEADER | |
|---|---|
| fixed length control field | 00562nam a2200205Ia 4500 |
| 005 - DATE AND TIME OF LATEST TRANSACTION | |
| control field | 20260629163254.0 |
| 008 - FIXED-LENGTH DATA ELEMENTS--GENERAL INFORMATION | |
| fixed length control field | 260629s9999||||xx |||||||||||||| ||und|| |
| 020 ## - INTERNATIONAL STANDARD BOOK NUMBER | |
| International Standard Book Number | 9789386224583 |
| Qualifying information | pbk |
| 082 ## - DEWEY DECIMAL CLASSIFICATION NUMBER | |
| Classification number | 823.92 |
| Item number | TRI |
| 100 ## - MAIN ENTRY--PERSONAL NAME | |
| Personal name | Tripathi, Amish |
| 245 #0 - TITLE STATEMENT | |
| Title | Sita : warrior of Mithila |
| 260 ## - PUBLICATION, DISTRIBUTION, ETC. | |
| Place of publication, distribution, etc. | Chennai |
| Name of publisher, distributor, etc. | Westland Publications |
| Date of publication, distribution, etc. | 2017 |
| 300 ## - PHYSICAL DESCRIPTION | |
| Extent | xxii, 361p. ; 20cm. |
| 490 ## - SERIES STATEMENT | |
| Series statement | Ram Chandra series-2 |
| 653 ## - INDEX TERM--UNCONTROLLED | |
| Uncontrolled term | Fantasy fiction |
| 653 ## - INDEX TERM--UNCONTROLLED | |
| Uncontrolled term | Hindu mythology Fiction |
| 653 ## - INDEX TERM--UNCONTROLLED | |
| Uncontrolled term | Rama (Hindu deity) |
| 653 ## - INDEX TERM--UNCONTROLLED | |
| Uncontrolled term | Sita (Hindu deity) |
| 942 ## - ADDED ENTRY ELEMENTS (KOHA) | |
| Koha item type | Book |
| Withdrawn status | Lost status | Damaged status | Not for loan | Home library | Current library | Shelving location | Date acquired | Source of acquisition | Total Checkouts | Full call number | Barcode | Date last seen | Price effective from | Koha item type |
|---|---|---|---|---|---|---|---|---|---|---|---|---|---|---|
| LRC, IIT Indore | LRC, IIT Indore | 2nd Floor - General Stack | 29/06/2026 | Gratis Book Price: INR 350.00 | 823.92 TRI | G2509 | 29/06/2026 | 29/06/2026 | Book |
